Normal view MARC view

Entry Corporate Name

Number of records used in: 1

001 - CONTROL NUMBER

  • control field: 16081

003 - CONTROL NUMBER IDENTIFIER

  • control field: dpl

005 - DATE AND TIME OF LATEST TRANSACTION

  • control field: 20100823105041.0

008 - FIXED-LENGTH DATA ELEMENTS

  • fixed length control field: 100823|||a|||||| | ||| d

040 ## - CATALOGING SOURCE

  • Original cataloging agency: dpl
  • Transcribing agency: dpl

110 ## - HEADING--CORPORATE NAME

  • Corporate name or jurisdiction name as entry element: India.

670 ## - SOURCE DATA FOUND

  • Source citation: Work cat.: (dpl)22611: Manohar, V.R. 16080, The A.I.R. manual :, 2004

670 ## - SOURCE DATA FOUND

  • Source citation: Work cat.: (dpl)22611: Manohar, V.R. 16080, The A.I.R. manual :, 2004

© Delhi Public Library
Hit Counter
free hit counter